Statistics for Manchester United 2019/20 Summer Transfers

Click here to take the quiz!

General Stats

  • This quiz has been taken 244 times
  • The average score is 4 of 7

Answer Stats

Signed FromPlayer% Correct
LeicesterHarry Maguire
95%
Crystal PalaceAaron Wan-Bissaka
80%
InterRomelu Lukaku
71%
SwanseaDaniel James
64%
Paris SGAnder Herrera
62%
LDU QuitoAntonio Valencia
38%
Aberdeen FCJames Wilson
14%

Score Distribution

Percentile by Number Answered

Percent of People with Each Score

Your Score History

You have not taken this quiz